00476nam a2200157Ia 4500003000900000008004100009020002600050020002700076040001600103100002200119245004700141250001200188260003200200300002000232856006600252IN-BaIIA211028s9999 xx s 000 0 eng d a9781510619371 (Print) a9781510619388 (Online) cIIA Library aAndrews, Larry C. 0aField Guide to Atmospheric Opticsh[eBook] a2nd ed. aWashington, USAbSPIEc2019 aOnline resource uhttps://doi.org/10.1117/3.2318080yClick Here to Access eBook